000 00726nam a22002057a 4500
003 OSt
005 20251106053146.0
008 251106b |||||||| |||| 00| 0 eng d
020 _a978-621-427-0637
040 _aDWCL-Main lib
_cOC
082 _aFil. 650.1 C183c 2019
100 _aCamilar-Serrano, Angelita
245 _aCorporate Social Responsibility and Good Governance in the Millennial Age/
_cAngelita Camilar-Serrano
260 _aManila:
_bUnlimited books & Publishing Inc.,
_cc2019
300 _aviii, 286 pages : illustrations ; 23cm.
_billustrations ;
_c23cm.
504 _aIncludes bibliographical references
650 _a1. Business
650 _a2. Ethic--Business
942 _2ddc
_cBK - FIL
_kFil.
_n0
999 _c5573
_d5573